000 00380 a2200169 4500
001 69326
020 _a8532245854
040 _cAnchieta - Itaigara
100 _aBelinky, Tatiana
240 1 0 _aO simplório e o malandro
_lpor
245 1 0 _aO simplório e o malandro
300 _a23
362 0 _a2001
440 1 _aFTD
650 4 _aLiteratura infanto-juvenil
942 _cBK
999 _c69326
_d69326